00641nam a2200157 a 450000100100000000500170001000800410002702000150006804000250008324501300010826000470023830000360028570000400032195201050036199900170046600004298920201002040544.0140214s2004 sp a 000 0 spa d a8476648499 aDO-SdBNPbspacBNPHU10aConfucio :bel nacimento del humanismo en China, Musée national des Arts asiatiques-Guimet ; prólogo Jean-Paul Desroches. aBarcelona :bFundación "La Caixa,c2004. a213 p. :bil., lám. ;c31 cm.1 aDesroches,Jean-Paulepról.970498 001050718MOaGRbGRcCTd2014-02-14iLF1l0o p42989-10r2020-06-25w2020-06-25y1ZNo se presta c42478d42478